| 000 | 00935nam a22002897a 4500 | ||
|---|---|---|---|
| 001 | 9334 | ||
| 003 | FISKH | ||
| 005 | 20251211101825.0 | ||
| 008 | 251211b cb ||||| |||| 00| 0 eng d | ||
| 020 | _a9780618935406 | ||
| 040 |
_aFISKH _beng _cFISKH _dFISKH |
||
| 050 | _aQL758 .K46 | ||
| 082 | _a591.5 | ||
| 100 |
_aKenah, Katharine _eAuthor |
||
| 245 |
_aPredator attack! / _cBy Katharine Kenah |
||
| 260 |
_aBoston : _bHoughton Mifflin , _c2004 |
||
| 300 |
_a32 pages : _bphotographs ; _c23 cm |
||
| 490 |
_aExtreme readers : _vLevel 3 |
||
| 505 | _aL | ||
| 520 | _aExplains what a predator is, and features photographs and information about how various predators catch their prey. Includes additional facts about each featured animal. | ||
| 521 | 8 |
_a600
_bLexile estimate |
|
| 521 | 8 |
_aL
_bRaz-Plus |
|
| 650 |
_aPicture book _vPredator |
||
| 650 |
_aAnimal facts _vScience |
||
| 942 |
_2ddc _cBK _n0 |
||
| 999 |
_c9334 _d9334 |
||